[Event "Khazar Cup 2016 (A) Master Tournament"]
[Site "Zibakenar,Iran"]
[Date "2016.02.13"]
[Round "3"]
[Board "9"]
[White "Mirzoev, Azer"]
[Black "Fendereski, Nima"]
[Result "1-0"]
[WhiteElo "2539"]
[BlackElo "2255"]
[PlyCount "0"]
[EventDate "2016.02.11"]
[EventRounds "9"]
[EventCountry "IRI"]

1. d4 {[%clk 1:30:43]} Nf6 {[%clk 1:30:50]} 2. c4 {[%clk 1:31:07]} e6
{[%clk 1:31:15]} 3. Nc3 {[%clk 1:31:23]} Bb4 {[%clk 1:31:36]} 4. Qc2
{[%clk 1:31:50]} O-O {[%clk 1:31:41]} 5. a3 {[%clk 1:32:17]} Bxc3+ 6. Qxc3
{[%clk 1:32:41]} b6 {[%clk 1:31:55]} 7. Bg5 {[%clk 1:33:04]} Bb7 {[%clk 1:31:43]}
8. f3 {[%clk 1:32:36]} d6 {[%clk 1:23:02]} 9. e3 {[%clk 1:32:56]} Nbd7
{[%clk 1:22:42]} 10. Bd3 {[%clk 1:30:30]} c5 {[%clk 1:22:39]} 11. Ne2
{[%clk 1:30:38]} Rc8 {[%clk 1:20:40]} 12. O-O {[%clk 1:30:33]} cxd4
{[%clk 1:06:03]} 13. Qxd4 {[%clk 1:30:45]} Qe7 {[%clk 1:04:44]} 14. Rad1
{[%clk 1:03:07]} h6 {[%clk 0:54:45]} 15. Bh4 {[%clk 1:02:35]} e5 {[%clk 0:51:37]}
16. Qc3 {[%clk 1:02:59]} d5 {[%clk 0:51:31]} 17. Ng3 {[%clk 0:55:29]} Qc5
{[%clk 0:29:54]} 18. Nf5 {[%clk 0:39:19]} dxc4 {[%clk 0:27:57]} 19. Bc2
{[%clk 0:39:33]} Bd5 {[%clk 0:18:34]} 20. Bxf6 {[%clk 0:38:51]} Nxf6
{[%clk 0:18:18]} 21. Qxe5 {[%clk 0:39:10]} Be6 {[%clk 0:17:47]} 22. Qxc5
{[%clk 0:33:22]} Rxc5 {[%clk 0:17:56]} 23. Nd4 {[%clk 0:33:47]} Bc8
{[%clk 0:17:16]} 24. e4 {[%clk 0:33:57]} Rd8 {[%clk 0:15:04]} 25. Rfe1
{[%clk 0:32:27]} Re8 {[%clk 0:05:42]} 26. h4 {[%clk 0:28:33]} b5 {[%clk 0:05:31]}
27. Kf2 {[%clk 0:26:31]} g6 {[%clk 0:05:18]} 28. Ne2 {[%clk 0:25:31]} Kg7
{[%clk 0:05:06]} 29. Rd6 {[%clk 0:25:17]} a5 {[%clk 0:04:40]} 30. Red1
{[%clk 0:25:24]} Re6 {[%clk 0:04:01]} 31. Rxe6 {[%clk 0:24:48]} Bxe6
{[%clk 0:04:22]} 32. Rd6 {[%clk 0:25:10]} b4 {[%clk 0:03:59]} 33. Nd4
{[%clk 0:20:20]} Bc8 {[%clk 0:03:32]} 34. Rc6 {[%clk 0:18:15]} Nd7
{[%clk 0:03:23]} 35. Ke3 {[%clk 0:18:03]} c3 {[%clk 0:02:29]} 36. axb4
{[%clk 0:17:52]} axb4 {[%clk 0:02:31]} 37. b3 {[%clk 0:18:17]} Kf8
{[%clk 0:02:33]} 38. h5 {[%clk 0:13:32]} Bb7 {[%clk 0:01:26]} 39. Rxc5
{[%clk 0:14:01]} Nxc5 {[%clk 0:01:55]} 40. hxg6 {[%clk 0:14:22]} fxg6
{[%clk 0:02:20]} 41. Ne2 {[%clk 0:14:47]} g5 {[%clk 0:02:15]} 42. Nc1
{[%clk 0:15:11]} Bc8 {[%clk 0:01:58]} 43. g4 {[%clk 0:14:42]} Ke7
{[%clk 0:01:15]} 44. Kd4 {[%clk 0:14:51]} Ne6+ {[%clk 0:00:51]} 45. Kc4
{[%clk 0:14:37]} Ba6+ {[%clk 0:01:12]} 46. Kxb4 {[%clk 0:14:59]} Nd4
{[%clk 0:01:31]} 47. Kxc3 {[%clk 0:15:25]} Nxf3 {[%clk 0:01:56]} 48. Nd3
{[%clk 0:14:51]} Bc8 {[%clk 0:01:48]} 49. Nf2 {[%clk 0:15:12]} Kd6
{[%clk 0:01:54]} 50. Bd1 {[%clk 0:15:36]} Ne5 {[%clk 0:02:13]} 51. b4
{[%clk 0:16:00]} Bd7 {[%clk 0:02:29]} 52. Be2 {[%clk 0:16:24]} Be6
{[%clk 0:02:09]} 53. Kb2 {[%clk 0:14:34]} Bc8 {[%clk 0:02:05]} 54. Kb3
{[%clk 0:15:01]} Bd7 {[%clk 0:02:13]} 55. Ka3 {[%clk 0:14:16]} Kc6
{[%clk 0:01:06]} 56. Ka4 {[%clk 0:13:58]} Be6 {[%clk 0:00:38]} 57. Ka5
{[%clk 0:13:41]} Bd7 {[%clk 0:00:34]} 58. Bb5+ {[%clk 0:13:40]} Kd6
{[%clk 0:00:35]} 59. Bxd7 {[%clk 0:14:02]} Nxd7 {[%clk 0:01:01]} 60. Nd3
{[%clk 0:14:00]} Kc7 {[%clk 0:00:54]} 61. b5 {[%clk 0:14:06]} Nf6
{[%clk 0:00:51]} 62. b6+ {[%clk 0:14:06]} Kc6 {[%clk 0:00:38]} 63. Ka6
{[%clk 0:13:47]} Nd7 {[%clk 0:00:38]} 64. b7 {[%clk 0:13:46]} Kc7
{[%clk 0:00:43]} 65. Ka7 {[%clk 0:14:12]} h5 {[%clk 0:00:50]} 66. gxh5
{[%clk 0:14:35]} 1-0

[Event "Khazar Cup 2016 (A) Master Tournament"]
[Site "Zibakenar,Iran"]
[Date "2016.02.13"]
[Round "3"]
[Board "10"]
[White "Tahbaz, Arash"]
[Black "Pourramezanali, Amirreza"]
[Result "0-1"]
[WhiteElo "2282"]
[BlackElo "2503"]
[PlyCount "0"]
[EventDate "2016.02.11"]
[EventRounds "9"]
[EventCountry "IRI"]

1. e4 e6 2. d4 d5 3. Nd2 Be7 4. Ngf3 Nf6 5. Bd3 c5 6. exd5 Qxd5 7. dxc5 Nbd7 8.
Nb3 Nxc5 9. Nxc5 Qxc5 10. O-O O-O 11. Qe2 b6 12. a3 Bb7 13. Bf4 Rad8 14. Rfe1 Qh5
15. Rad1 Bxf3 16. Qxf3 Qxf3 17. gxf3 Nd5 18. Bg3 Bf6 19. c3 h5 20. Be4 h4 21.
Bxd5 hxg3 22. Be4 gxf2+ 23. Kxf2 Bh4+ 24. Ke2 Bxe1 25. Rxe1 Rd6 26. Ke3 Rc8 27.
Rc1 Rcd8 28. Rc2 f5 29. Bb7 Kf7 30. c4 g5 31. b4 R6d7 32. Ba6 Rd3+ 33. Ke2 Rxa3
34. Bb7 Rd7 35. Ba8 Rdd3 36. c5 Rdc3 0-1

[Event "Khazar Cup 2016 (A) Master Tournament"]
[Site "Zibakenar,Iran"]
[Date "2016.02.13"]
[Round "3"]
[Board "11"]
[White "Stopa, Jacek"]
[Black "Aghaei, Alireza"]
[Result "1/2-1/2"]
[WhiteElo "2460"]
[BlackElo "2206"]
[PlyCount "0"]
[EventDate "2016.02.11"]
[EventRounds "9"]
[EventCountry "IRI"]

1. d4 {[%clk 1:30:58]} Nf6 {[%clk 1:30:47]} 2. Bg5 {[%clk 1:31:20]} Ne4
{[%clk 1:29:07]} 3. Bf4 {[%clk 1:31:44]} d5 {[%clk 1:29:23]} 4. Nd2
{[%clk 1:29:50]} Bf5 {[%clk 1:25:47]} 5. e3 {[%clk 1:27:33]} Nxd2
{[%clk 1:21:33]} 6. Qxd2 {[%clk 1:27:55]} e6 {[%clk 1:18:55]} 7. Bd3
{[%clk 1:25:00]} Bxd3 {[%clk 1:17:58]} 8. Qxd3 {[%clk 1:25:24]} c6
{[%clk 1:02:10]} 9. Nf3 {[%clk 1:24:56]} Nd7 {[%clk 1:02:25]} 10. O-O
{[%clk 1:22:43]} Be7 {[%clk 0:55:35]} 11. c4 {[%clk 1:21:11]} dxc4
{[%clk 0:54:34]} 12. Qxc4 {[%clk 1:21:33]} a5 {[%clk 0:51:54]} 13. e4
{[%clk 1:15:36]} O-O {[%clk 0:50:11]} 14. Rfd1 {[%clk 1:15:27]} a4
{[%clk 0:40:05]} 15. Rac1 {[%clk 1:11:34]} Nf6 {[%clk 0:39:26]} 16. Qe2
{[%clk 1:09:56]} Qa5 {[%clk 0:28:57]} 17. Ne5 {[%clk 1:02:23]} Qa6
{[%clk 0:20:52]} 18. Qf3 {[%clk 0:58:55]} Rad8 {[%clk 0:19:43]} 19. Nc4
{[%clk 0:52:32]} Ne8 {[%clk 0:15:22]} 20. Be5 {[%clk 0:45:45]} Bf6
{[%clk 0:14:41]} 21. b3 {[%clk 0:43:39]} Bxe5 {[%clk 0:10:58]} 22. dxe5
{[%clk 0:44:03]} Nc7 {[%clk 0:11:14]} 23. Nd6 {[%clk 0:40:10]} f6
{[%clk 0:07:25]} 24. Nc4 {[%clk 0:34:25]} fxe5 {[%clk 0:05:37]} 25. Rxd8
{[%clk 0:33:02]} Rxd8 {[%clk 0:06:02]} 26. Nxe5 {[%clk 0:33:16]} Rf8
{[%clk 0:06:24]} 27. Qe3 {[%clk 0:30:26]} axb3 {[%clk 0:06:02]} 28. axb3
{[%clk 0:30:45]} Qa5 {[%clk 0:05:50]} 29. Nc4 {[%clk 0:29:14]} Qb4
{[%clk 0:05:01]} 30. Rd1 {[%clk 0:27:08]} Qe7 {[%clk 0:04:57]} 31. h3
{[%clk 0:26:01]} Nb5 {[%clk 0:04:25]} 32. Qd2 {[%clk 0:20:07]} h6
{[%clk 0:04:11]} 33. Ne5 {[%clk 0:19:32]} Kh7 {[%clk 0:03:53]} 34. Qd3
{[%clk 0:18:20]} Qc5 {[%clk 0:03:23]} 35. Qg3 {[%clk 0:16:59]} Nd4
{[%clk 0:01:12]} 36. Kh1 {[%clk 0:13:34]} Ne2 {[%clk 0:00:40]} 37. Qg6+
{[%clk 0:13:05]} Kg8 {[%clk 0:00:59]} 38. Qxe6+ {[%clk 0:13:16]} Kh7
{[%clk 0:01:25]} 39. Qg6+ {[%clk 0:11:55]} Kg8 {[%clk 0:01:54]} 40. Qe6+
{[%clk 0:08:42]} Kh7 {[%clk 0:02:21]} 41. Nd7 {[%clk 0:08:50]} Qxf2
{[%clk 0:01:03]} 42. Nxf8+ {[%clk 0:09:09]} Qxf8 {[%clk 0:01:28]} 43. Qf5+
{[%clk 0:06:50]} Qxf5 {[%clk 0:01:54]} 44. exf5 {[%clk 0:07:18]} Ng3+
{[%clk 0:02:18]} 45. Kg1 {[%clk 0:05:03]} Nxf5 {[%clk 0:02:44]} 46. g4
{[%clk 0:04:59]} Ne3 {[%clk 0:02:58]} 47. Rd7 {[%clk 0:05:20]} b5
{[%clk 0:01:53]} 48. Kf2 {[%clk 0:04:17]} Nc2 {[%clk 0:01:16]} 49. Rd2
{[%clk 0:02:03]} Nb4 {[%clk 0:01:16]} 50. Ke3 {[%clk 0:01:55]} c5
{[%clk 0:01:22]} 51. Rb2 {[%clk 0:01:47]} Kg6 {[%clk 0:01:21]} 52. h4
{[%clk 0:01:39]} Kf6 {[%clk 0:00:51]} 53. Ke4 {[%clk 0:01:43]} Ke6
{[%clk 0:00:59]} 54. Rb1 {[%clk 0:01:18]} Nd5 {[%clk 0:01:04]} 55. Rc1
{[%clk 0:01:06]} Nf6+ {[%clk 0:01:09]} 56. Kf3 {[%clk 0:01:23]} Kd5
{[%clk 0:01:04]} 57. Rd1+ {[%clk 0:01:44]} Ke5 {[%clk 0:00:49]} 58. Rd8
{[%clk 0:01:05]} c4 {[%clk 0:00:52]} 59. Rb8 {[%clk 0:01:09]} Kd4
{[%clk 0:00:47]} 60. Rxb5 {[%clk 0:00:45]} c3 {[%clk 0:01:14]} 61. Rb4+
{[%clk 0:01:09]} Kd3 {[%clk 0:01:34]} 62. Rc4 {[%clk 0:01:31]} c2
{[%clk 0:01:09]} 63. g5 {[%clk 0:01:21]} hxg5 {[%clk 0:01:32]} 64. hxg5
{[%clk 0:01:51]} Ne4 {[%clk 0:01:16]} 65. Rxc2 {[%clk 0:01:34]} Nxg5+
{[%clk 0:01:41]} 66. Kg4 {[%clk 0:02:03]} Kxc2 {[%clk 0:02:04]} 67. Kxg5
{[%clk 0:02:33]} Kxb3 68. Kg6 Kc4 {[%clk 0:02:51]} 69. Kxg7 {[%clk 0:03:31]}
 1/2-1/2

[Event "Khazar Cup 2016 (A) Master Tournament"]
[Site "Zibakenar,Iran"]
[Date "2016.02.13"]
[Round "3"]
[Board "12"]
[White "Mousavi, Seyed Khalil"]
[Black "Khalesi, Vahid"]
[Result "1-0"]
[WhiteElo "2417"]
[BlackElo "2222"]
[PlyCount "0"]
[EventDate "2016.02.11"]
[EventRounds "9"]
[EventCountry "IRI"]

1. c4 d6 2. Nc3 e5 3. g3 g6 4. Bg2 Bg7 5. e3 Nc6 6. Nge2 Nge7 7. O-O O-O 8. d3
Be6 9. Nd5 Qd7 10. Rb1 Nd8 11. Nxe7+ Qxe7 12. b4 a6 13. Nc3 c6 14. a4 f5 15. Bb2
Nf7 16. f4 exf4 17. Rxf4 Bd7 18. Qd2 Rae8 19. Re1 g5 20. Rff1 d5 21. cxd5 Qxb4
22. Ba1 Nd6 23. dxc6 bxc6 24. Rb1 Qc5 25. Nd1 Bxa1 26. Rxa1 Qe5 27. Rc1 f4 28.
gxf4 gxf4 29. exf4 Qd4+ 30. Kh1 Re6 31. Nc3 Nc4 32. Qf2 Ne3 33. Be4 Rxe4 34. dxe4
c5 35. Rg1+ Kh8 36. Rg3 Ng4 37. Qxd4+ cxd4 38. f5 Nf6 39. e5 Nh5 40. Ne2 Nxg3+
41. Nxg3 Bxf5 42. Rc6 Bh3 43. Kg1 Rd8 44. Ne4 Rg8+ 45. Ng3 Rd8 46. Kf2 Rf8+ 47.
Ke2 a5 48. Rc5 Be6 49. Kd3 Rf3+ 50. Kxd4 Rf4+ 51. Ke3 Rxa4 52. Rc6 Ra3+ 53. Kf4
Bd5 54. Rd6 Rf3+ 55. Kg5 Rd3 56. Nf5 Be4 57. Nd4 Kg7 58. Rd7+ Kf8 59. Kf6 Ke8 60.
e6 Bg6 61. Re7+ Kf8 62. Rb7 h5 63. Rb8+ 1-0

[Event "Khazar Cup 2016 (A) Master Tournament"]
[Site "Zibakenar,Iran"]
[Date "2016.02.14"]
[Round "4"]
[Board "1"]
[White "Volkov, Sergey"]
[Black "Mosadeghpour, Masoud"]
[Result "1/2-1/2"]
[WhiteElo "2607"]
[BlackElo "2462"]
[PlyCount "0"]
[EventDate "2016.02.11"]
[EventRounds "9"]
[EventCountry "IRI"]

1. d4 {[%clk 1:30:57]} Nf6 {[%clk 1:29:11]} 2. Nf3 {[%clk 1:31:07]} g6
{[%clk 1:29:23]} 3. c4 {[%clk 1:31:32]} Bg7 {[%clk 1:29:49]} 4. Nc3
{[%clk 1:31:56]} d5 {[%clk 1:30:17]} 5. Qb3 {[%clk 1:32:09]} dxc4
{[%clk 1:30:37]} 6. Qxc4 {[%clk 1:32:32]} O-O {[%clk 1:31:02]} 7. e4
{[%clk 1:32:57]} Nc6 {[%clk 1:31:27]} 8. Be2 {[%clk 1:31:17]} e5 {[%clk 1:31:48]}
9. dxe5 {[%clk 1:29:28]} Ng4 10. Nd5 {[%clk 1:22:10]} Be6 {[%clk 1:27:08]} 11.
Bg5 {[%clk 1:11:32]} Ngxe5 {[%clk 1:02:22]} 12. Bxd8 {[%clk 1:11:30]} Nxc4
{[%clk 1:02:41]} 13. Bxc7 {[%clk 1:09:10]} Nxb2 {[%clk 0:59:58]} 14. O-O
{[%clk 1:07:57]} Rac8 {[%clk 1:00:09]} 15. Bg3 {[%clk 1:08:17]} Rfd8
{[%clk 0:57:57]} 16. Bh4 {[%clk 1:05:13]} Bxd5 {[%clk 0:57:05]} 17. Bxd8
{[%clk 1:05:38]} Bc4 {[%clk 0:57:34]} 18. Bxc4 {[%clk 1:04:27]} Nxc4
{[%clk 0:57:59]} 19. Bg5 {[%clk 1:04:25]} Bxa1 {[%clk 0:58:19]} 20. Rxa1
{[%clk 1:04:51]} Re8 {[%clk 0:58:38]} 21. Re1 {[%clk 1:01:44]} b5
{[%clk 0:54:41]} 22. Bf6 {[%clk 1:01:19]} Nb4 {[%clk 0:53:15]} 23. Re2
{[%clk 0:57:19]} Nd5 {[%clk 0:46:53]} 24. Bd4 {[%clk 0:57:07]} a5
{[%clk 0:47:07]} 25. g3 {[%clk 0:55:18]} a4 {[%clk 0:45:35]} 26. Kf1
{[%clk 0:55:34]} Nb4 {[%clk 0:43:49]} 27. Bf6 {[%clk 0:54:02]} Nc6
{[%clk 0:40:27]} 28. Nd4 {[%clk 0:43:52]} Nxd4 {[%clk 0:39:08]} 29. Bxd4
{[%clk 0:44:20]} Rxe4 {[%clk 0:39:26]} 30. Rxe4 {[%clk 0:44:46]} Nd2+
{[%clk 0:39:51]} 31. Ke2 {[%clk 0:45:11]} Nxe4 {[%clk 0:40:19]} 32. f3
{[%clk 0:38:53]} Ng5 {[%clk 0:28:28]} 33. Bf6 {[%clk 0:27:04]} Ne6
{[%clk 0:28:45]} 34. Kd3 {[%clk 0:27:25]} Kf8 {[%clk 0:28:47]} 35. Kc3
{[%clk 0:24:52]} Nc7 {[%clk 0:28:01]} 36. Kd4 {[%clk 0:19:28]} Na6
{[%clk 0:22:45]} 37. Kd5 {[%clk 0:19:09]} Nb4+ {[%clk 0:22:25]} 38. Kc5
{[%clk 0:19:34]} Nxa2 {[%clk 0:22:49]} 39. Kxb5 {[%clk 0:20:01]} Nc1
{[%clk 0:23:10]} 40. Kxa4 {[%clk 0:20:08]} Ne2 {[%clk 0:23:38]} 41. f4
{[%clk 0:12:33]} Ng1 {[%clk 0:13:26]} 42. Kb4 {[%clk 0:11:27]} Nf3
{[%clk 0:13:51]} 43. h4 {[%clk 0:11:35]} h5 {[%clk 0:12:05]} 44. Kc3
{[%clk 0:06:23]} Nh2 {[%clk 0:11:49]} 45. Bd4 {[%clk 0:06:17]} Ke7
{[%clk 0:12:13]} 46. Kd3 {[%clk 0:05:59]} Ke6 {[%clk 0:12:29]} 47. Ke4
{[%clk 0:06:17]} f5+ {[%clk 0:12:42]} 48. Kd3 {[%clk 0:06:34]} Kd5
{[%clk 0:12:36]} 49. Bg1 {[%clk 0:06:16]} Ng4 {[%clk 0:12:34]} 50. Bd4
{[%clk 0:06:32]} Nh6 {[%clk 0:12:56]} 51. Bg7 {[%clk 0:06:00]} Nf7
{[%clk 0:12:49]} 52. Bf8 {[%clk 0:06:26]} Nd8 {[%clk 0:13:00]} 53. Be7
{[%clk 0:04:44]} Ne6 {[%clk 0:12:45]} 54. Bb4 {[%clk 0:04:26]} Nc7
{[%clk 0:13:03]} 55. Ba3 {[%clk 0:03:51]} Ne8 {[%clk 0:06:41]} 56. Be7
{[%clk 0:04:17]} Ke6 {[%clk 0:06:42]} 57. Bb4 {[%clk 0:04:44]} Nf6
{[%clk 0:05:27]} 58. Kd4 {[%clk 0:05:09]} Ng4 {[%clk 0:05:19]} 59. Ba3
{[%clk 0:03:48]} Nh2 {[%clk 0:04:24]} 60. Bb4 {[%clk 0:03:58]} 1/2-1/2

[Event "Khazar Cup 2016 (A) Master Tournament"]
[Site "Zibakenar,Iran"]
[Date "2016.02.14"]
[Round "4"]
[Board "2"]
[White "Gabuzyan, Hovhannes"]
[Black "Tiviakov, Sergei"]
[Result "1/2-1/2"]
[WhiteElo "2593"]
[BlackElo "2613"]
[PlyCount "0"]
[EventDate "2016.02.11"]
[EventRounds "9"]
[EventCountry "IRI"]

1. d4 {[%clk 1:30:58]} Nf6 {[%clk 1:30:52]} 2. Bg5 {[%clk 1:31:25]} d5
{[%clk 1:31:09]} 3. e3 {[%clk 1:31:48]} c5 {[%clk 1:30:35]} 4. Bxf6
{[%clk 1:31:45]} gxf6 {[%clk 1:30:59]} 5. c3 {[%clk 1:31:53]} e6 {[%clk 1:27:07]}
6. Nf3 {[%clk 1:31:45]} Nc6 {[%clk 1:27:26]} 7. Nbd2 {[%clk 1:31:33]} f5
{[%clk 1:26:26]} 8. a3 {[%clk 1:31:14]} cxd4 {[%clk 1:20:38]} 9. cxd4
{[%clk 1:27:23]} Bd6 {[%clk 1:19:46]} 10. Bd3 {[%clk 1:27:08]} Bd7
{[%clk 1:19:26]} 11. Rc1 {[%clk 1:26:24]} Rc8 {[%clk 1:18:39]} 12. O-O
{[%clk 1:26:19]} O-O {[%clk 1:18:38]} 13. g3 {[%clk 1:25:09]} Qf6
{[%clk 1:12:42]} 14. Nb3 {[%clk 1:21:32]} Nb8 {[%clk 1:06:07]} 15. Qe2
{[%clk 1:18:48]} Rxc1 {[%clk 1:06:22]} 16. Rxc1 {[%clk 1:15:20]} Rc8
{[%clk 1:06:16]} 17. Rxc8+ {[%clk 1:15:33]} Bxc8 {[%clk 1:06:42]} 18. Nh4
{[%clk 1:14:36]} Nd7 {[%clk 1:00:11]} 19. f4 {[%clk 1:13:52]} Qd8
{[%clk 0:59:34]} 20. Qh5 {[%clk 1:12:30]} Nf6 {[%clk 0:50:59]} 21. Qe2
{[%clk 1:11:09]} Qb6 {[%clk 0:48:41]} 22. Qc2 {[%clk 1:09:47]} Qc7
{[%clk 0:47:02]} 23. Nd2 {[%clk 1:07:41]} 1/2-1/2

[Event "Khazar Cup 2016 (A) Master Tournament"]
[Site "Zibakenar,Iran"]
[Date "2016.02.14"]
[Round "4"]
[Board "3"]
[White "Malaniuk, Vladimir P"]
[Black "Grigoryan, Karen H."]
[Result "0-1"]
[WhiteElo "2482"]
[BlackElo "2606"]
[PlyCount "0"]
[EventDate "2016.02.11"]
[EventRounds "9"]
[EventCountry "IRI"]

1. d4 {[%clk 1:30:58]} Nf6 {[%clk 1:30:54]} 2. Nf3 {[%clk 1:31:12]} g6
{[%clk 1:31:19]} 3. c3 {[%clk 1:30:59]} Bg7 {[%clk 1:31:42]} 4. Bg5
{[%clk 1:31:26]} d6 {[%clk 1:32:06]} 5. Nbd2 {[%clk 1:31:47]} h6 {[%clk 1:32:30]}
6. Bh4 {[%clk 1:32:10]} g5 {[%clk 1:32:55]} 7. Bg3 {[%clk 1:32:35]} Nh5
{[%clk 1:33:21]} 8. e4 {[%clk 1:31:59]} e6 {[%clk 1:33:45]} 9. Nc4 f5
{[%clk 1:21:43]} 10. e5 {[%clk 1:22:53]} d5 {[%clk 1:19:10]} 11. Ncd2
{[%clk 1:20:53]} O-O {[%clk 1:15:22]} 12. Ng1 {[%clk 1:20:26]} Nxg3
{[%clk 1:13:52]} 13. hxg3 {[%clk 1:20:28]} c5 {[%clk 1:14:17]} 14. dxc5
{[%clk 1:10:52]} Bxe5 {[%clk 1:14:03]} 15. Rxh6 {[%clk 1:11:02]} Bg7
{[%clk 1:14:28]} 16. Rh1 {[%clk 1:10:36]} g4 {[%clk 1:14:25]} 17. Nb3
{[%clk 1:07:40]} b6 {[%clk 1:11:51]} 18. cxb6 {[%clk 1:06:13]} Qxb6
{[%clk 1:12:02]} 19. Ne2 {[%clk 0:59:35]} a5 {[%clk 1:08:53]} 20. a4
{[%clk 1:00:04]} e5 {[%clk 1:07:00]} 21. Nec1 {[%clk 0:59:23]} Be6
{[%clk 1:06:05]} 22. Bb5 {[%clk 0:58:03]} Na6 {[%clk 1:05:02]} 23. Nd3
{[%clk 0:58:09]} Bf7 {[%clk 0:59:37]} 24. Qe2 {[%clk 0:56:21]} Nc7
{[%clk 0:54:23]} 25. Ndc5 {[%clk 0:55:12]} Rfd8 {[%clk 0:50:23]} 26. f3
{[%clk 0:48:16]} Nxb5 {[%clk 0:48:59]} 27. Qxb5 {[%clk 0:48:38]} Rab8
{[%clk 0:39:32]} 28. Qxa5 {[%clk 0:43:06]} Qxa5 {[%clk 0:37:38]} 29. Nxa5
{[%clk 0:43:09]} Rxb2 {[%clk 0:35:52]} 30. Nc6 {[%clk 0:43:33]} Re8
{[%clk 0:34:36]} 31. a5 {[%clk 0:43:27]} e4 {[%clk 0:32:41]} 0-1

[Event "Khazar Cup 2016 (A) Master Tournament"]
[Site "Zibakenar,Iran"]
[Date "2016.02.14"]
[Round "4"]
[Board "4"]
[White "Maghsoodloo, Parham"]
[Black "Ghaem Maghami, Ehsan"]
[Result "1-0"]
[WhiteElo "2461"]
[BlackElo "2570"]
[PlyCount "0"]
[EventDate "2016.02.11"]
[EventRounds "9"]
[EventCountry "IRI"]

1. d4 {[%clk 1:28:02]} Nf6 {[%clk 1:30:46]} 2. c4 {[%clk 1:26:51]} e6
{[%clk 1:25:46]} 3. Nc3 {[%clk 1:25:58]} Bb4 {[%clk 1:26:06]} 4. Qc2 O-O
{[%clk 1:22:29]} 5. a3 {[%clk 1:24:17]} Bxc3+ {[%clk 1:22:31]} 6. Qxc3
{[%clk 1:24:41]} b6 {[%clk 1:11:18]} 7. Nf3 {[%clk 1:18:04]} Bb7 {[%clk 1:11:11]}
8. e3 {[%clk 1:18:19]} d6 {[%clk 1:10:30]} 9. Be2 {[%clk 1:18:12]} Ne4
{[%clk 1:09:49]} 10. Qc2 {[%clk 1:18:34]} f5 {[%clk 1:10:10]} 11. O-O
{[%clk 1:12:04]} Rf6 {[%clk 1:08:29]} 12. Rd1 {[%clk 1:09:13]} Rg6
{[%clk 1:06:51]} 13. b4 {[%clk 1:00:54]} Nd7 {[%clk 1:06:24]} 14. d5
{[%clk 0:57:14]} Qe7 {[%clk 0:55:37]} 15. Nd4 {[%clk 0:50:16]} Qh4
{[%clk 0:53:53]} 16. Bf1 {[%clk 0:46:22]} Ne5 {[%clk 0:33:25]} 17. f3
{[%clk 0:39:18]} Ng5 {[%clk 0:33:14]} 18. Kh1 {[%clk 0:39:47]} c5
{[%clk 0:18:51]} 19. dxc6 {[%clk 0:38:55]} Nxc6 {[%clk 0:19:10]} 20. Nxc6
{[%clk 0:25:01]} Bxc6 {[%clk 0:16:22]} 21. e4 {[%clk 0:22:12]} Nxf3
{[%clk 0:12:51]} 22. gxf3 {[%clk 0:22:34]} Ba4 {[%clk 0:13:20]} 23. Qe2
{[%clk 0:22:18]} Bxd1 {[%clk 0:12:00]} 24. Qxd1 {[%clk 0:22:47]} fxe4
{[%clk 0:11:29]} 25. Be3 {[%clk 0:19:07]} exf3 {[%clk 0:11:21]} 26. Ra2
{[%clk 0:19:14]} Rf8 {[%clk 0:06:06]} 27. Bf2 {[%clk 0:14:53]} Qf4
{[%clk 0:06:07]} 28. Qe1 {[%clk 0:14:19]} e5 {[%clk 0:06:02]} 29. Rd2
{[%clk 0:10:11]} Qg5 {[%clk 0:05:37]} 30. Rd5 {[%clk 0:08:35]} Qf4
{[%clk 0:03:00]} 31. c5 {[%clk 0:07:28]} Rh6 {[%clk 0:01:48]} 32. h3
{[%clk 0:07:40]} Qf5 {[%clk 0:01:20]} 33. Kh2 {[%clk 0:08:00]} bxc5
{[%clk 0:00:35]} 34. bxc5 {[%clk 0:08:24]} Rb8 {[%clk 0:00:35]} 35. cxd6
{[%clk 0:06:22]} Qf4+ {[%clk 0:00:54]} 36. Kh1 {[%clk 0:06:11]} Qf5
{[%clk 0:01:19]} 37. h4 {[%clk 0:06:25]} Rd8 {[%clk 0:00:32]} 38. Rxe5
{[%clk 0:06:47]} Qg6 {[%clk 0:00:31]} 39. d7 {[%clk 0:06:58]} 1-0

[Event "Khazar Cup 2016 (A) Master Tournament"]
[Site "Zibakenar,Iran"]
[Date "2016.02.14"]
[Round "4"]
[Board "5"]
[White "Gholami, Aryan"]
[Black "Mirzoev, Azer"]
[Result "1/2-1/2"]
[WhiteElo "2417"]
[BlackElo "2539"]
[PlyCount "0"]
[EventDate "2016.02.11"]
[EventRounds "9"]
[EventCountry "IRI"]

1. d4 d5 {[%clk 1:27:24]} 2. c4 {[%clk 1:31:04]} c6 {[%clk 1:27:50]} 3. Nf3
{[%clk 1:31:12]} Nf6 {[%clk 1:28:09]} 4. Nc3 {[%clk 1:31:06]} a6 {[%clk 1:28:00]}
5. e3 {[%clk 1:28:51]} e6 {[%clk 1:27:36]} 6. Qc2 {[%clk 1:27:04]} c5 7. dxc5
{[%clk 1:23:10]} Bxc5 {[%clk 1:28:20]} 8. a3 {[%clk 1:23:32]} O-O
{[%clk 1:22:09]} 9. b4 {[%clk 1:22:18]} Be7 {[%clk 1:22:24]} 10. Bb2
{[%clk 1:15:54]} dxc4 {[%clk 1:21:18]} 11. Bxc4 {[%clk 1:16:15]} b5
{[%clk 1:21:30]} 12. Bd3 {[%clk 1:11:02]} Nbd7 {[%clk 1:06:23]} 13. e4
{[%clk 1:01:27]} g6 {[%clk 1:05:48]} 14. e5 {[%clk 0:59:02]} Nh5 {[%clk 1:06:14]}
15. Be4 {[%clk 0:56:34]} Ra7 {[%clk 1:05:35]} 16. O-O {[%clk 0:56:45]} Bb7
{[%clk 1:04:22]} 17. Rfd1 {[%clk 0:56:00]} Qa8 {[%clk 1:04:28]} 18. Bxb7
{[%clk 0:46:58]} Rxb7 {[%clk 1:04:18]} 19. Ne4 {[%clk 0:43:51]} Rc8
{[%clk 1:04:28]} 20. Qd2 {[%clk 0:35:29]} Rbc7 {[%clk 0:52:24]} 21. Qe3
{[%clk 0:34:00]} Nb6 {[%clk 0:47:46]} 22. Nd6 {[%clk 0:24:35]} Nc4
{[%clk 0:48:02]} 23. Nxc4 {[%clk 0:21:36]} Rxc4 {[%clk 0:48:10]} 24. Rd7
{[%clk 0:21:42]} R8c7 {[%clk 0:47:22]} 25. Rxc7 {[%clk 0:18:31]} Rxc7
{[%clk 0:47:45]} 26. Rc1 {[%clk 0:18:56]} Rxc1+ {[%clk 0:47:48]} 27. Bxc1
{[%clk 0:17:48]} Ng7 {[%clk 0:48:07]} 28. Qc3 {[%clk 0:16:51]} h5
{[%clk 0:43:35]} 29. h3 {[%clk 0:16:54]} Nf5 {[%clk 0:43:40]} 30. Bg5
{[%clk 0:14:30]} Qd8 {[%clk 0:38:52]} 31. Bxe7 {[%clk 0:14:27]} Nxe7
{[%clk 0:39:13]} 32. Qe3 {[%clk 0:13:54]} Qc7 {[%clk 0:38:39]} 33. Qh6
{[%clk 0:11:06]} Qc3 {[%clk 0:36:16]} 34. Qd2 {[%clk 0:08:53]} Qa1+
{[%clk 0:36:34]} 35. Kh2 {[%clk 0:08:58]} Nd5 {[%clk 0:36:53]} 36. Qd3
{[%clk 0:08:09]} Qb2 {[%clk 0:36:34]} 37. Kg1 {[%clk 0:08:18]} Kf8
{[%clk 0:35:56]} 38. g3 {[%clk 0:08:10]} Ke7 {[%clk 0:35:18]} 39. Kg2
{[%clk 0:06:49]} Qc3 {[%clk 0:34:48]} 40. Qd4 {[%clk 0:06:46]} Qxd4
{[%clk 0:34:11]} 41. Nxd4 {[%clk 0:07:14]} Kd7 {[%clk 0:34:35]} 42. Kf3
{[%clk 0:06:06]} Nc3 {[%clk 0:34:13]} 43. Ke3 {[%clk 0:05:40]} Nd1+
{[%clk 0:33:19]} 44. Ke2 {[%clk 0:05:10]} Nb2 {[%clk 0:33:45]} 45. f4
{[%clk 0:04:55]} Nc4 {[%clk 0:33:42]} 46. Nc2 {[%clk 0:04:15]} Kc6
{[%clk 0:34:04]} 47. h4 {[%clk 0:04:06]} Kd5 {[%clk 0:33:48]} 48. Kd3
{[%clk 0:04:33]} Nb2+ {[%clk 0:33:56]} 49. Kc3 {[%clk 0:04:34]} Nd1+
{[%clk 0:34:00]} 50. Kd2 {[%clk 0:03:21]} Nf2 {[%clk 0:34:05]} 51. Ke2
{[%clk 0:01:05]} Ne4 {[%clk 0:34:29]} 52. Kf3 {[%clk 0:00:39]} Nc3
{[%clk 0:33:44]} 53. g4 {[%clk 0:00:41]} hxg4+ {[%clk 0:32:04]} 54. Kxg4 Ke4 55.
Ne1 {[%clk 0:01:04]} Ne2 56. Nf3 Nxf4 57. Ng5+ Kxe5 58. Nxf7+ Kf6 59. Nd6 Nd3 60.
Ne8+ Kf7 61. Nc7 Ne5+ 62. Kg5 Nc4 63. Nxa6 Nxa3 64. Nc7 e5 65. h5 gxh5 66. Kxh5
Ke7 67. Kg4 Kd6 68. Ne8+ Kd5 69. Kf5 Nc4 70. Nc7+ Kc6 71. Na6 Kd6 72. Ke4 Nd2+
73. Kd3 Nb3 74. Ke4 Nd4 75. Nc5 Ne2 76. Nb7+ Kc6 77. Na5+ Kb6 78. Kxe5 Nc1 79.
Kd6 Nd3 80. Nc6 Nxb4 81. Nxb4 1/2-1/2